SIGHT SOUND MOTION (Record no. 7573)
[ view plain ]
| 000 -LEADER | |
|---|---|
| fixed length control field | 01475nam a2200181 a 4500 |
| 020 ## - INTERNATIONAL STANDARD BOOK NUMBER | |
| ISBN | 9780495502203 |
| 050 ## - CALL NUMBER | |
| Classification number | TR850 |
| Item number | .Ze5 |
| 100 ## - AUTHOR | |
| Personal name | Zettl Herbert |
| 245 ## - TITLE | |
| Title | SIGHT SOUND MOTION |
| Remainder of title | APPLIED MEDIA AESTHESTICS |
| Statement of responsibility, etc | Herbert Zettl |
| 250 ## - EDITION | |
| Edition statement | 5th Ed. |
| 260 ## - PUBLICATION INFORMATION | |
| Place of publication | Belmont, CA : |
| Name of publisher | Thomson/Wadsworth, |
| Year of publication | 2008 |
| 300 ## - DESCRIPTION | |
| Number of Pages | 422 pages : |
| Other physical details | illustrations ; |
| Dimensions | 29 cm |
| 500 ## - NOTES | |
| General note | Includes Index |
| 505 ## - FORMATTED CONTENTS NOTE | |
| Table of Content | Applied media aesthetics --<br/>First aesthetic field: Light --<br/>Structuring the first aesthetic field: Lighting --<br/>Extended first field: Color --<br/>Structuring color: Function and composition --<br/>Two-dimensional field: Area --<br/>Two-dimensional field: Forces within the screen --<br/>Structuring the two-dimensional field: Interplay of screen forces --<br/>Three-dimensional field: Depth and volume --<br/>Structuring the three-dimensional field: Screen volume and effects --<br/>Building screen space: Visualization --<br/>Four-dimensional field: Time --<br/>Four-dimensional field: Motion --<br/>Structuring the four-dimensional field: Timing and principal motions --<br/>Structuring the four-dimensional field: Continuity editing --<br/>Structuring the four-dimensional field: Complexity editing --<br/>Five-dimensional field: Sound --<br/>Structuring the five-dimensional field: Sound structures and sound/picture combinations --<br/>Epilogue: Media aesthetics and the human condition. |
| 650 ## - SUBJECTS | |
| Topical Term | Cinematography. |
| General subdivision | Motion pictures -- Production and direction. |
| 700 ## - OTHER AUTHORS | |
| Personal name | Zettl |
| 942 ## - ADDED ENTRY ELEMENTS (KOHA) | |
| Koha item type | Books |
| Withdrawn status | Lost status | Collection code | Home library | Current library | Shelving location | Date acquired | Full call number | Accession Number | Koha item type |
|---|---|---|---|---|---|---|---|---|---|
| Reference | Methodist University Library Main | Methodist University Library Main | General Stacks | 04/12/2013 | TR850 .Ze5 | 39165 | Books |